000
002330000a22000970004500
100
1
_a
Neira, Armando
245
1
0
_a
El silencio de los inocentes
300
_a
Vol. 21, Núm 21 (1993), Páginas 14-17
773
0
_t
Cambio 16
942
_c
ANA
999
_c
58338
_d
58338